[Event "NOR-ch U09"]
[Site "Bergen"]
[Date "2015.11.??"]
[Round "6"]
[White "Bekken, Ruben"]
[Black "Kjeldsen, Daniel"]
[Result "0-1"]
[WhiteElo "608"]
[BlackElo "543"]
[PlyCount "36"]
[EventDate "2015.11.13"]
[EventType "swiss"]
[EventRounds "7"]
[EventCountry "NOR"]
[SourceTitle "EXT 2024"]
[Source "ChessBase"]
[SourceDate "2023.10.10"]
[SourceVersion "1"]
[SourceVersionDate "2023.10.10"]
[SourceQuality "1"]

1. e4 e5 2. Qf3 Nf6 3. Bc4 Nc6 4. Bb3 Bc5 5. Qc3 d6 6. Qc4 0-0 7. d3 Be6 8. Qc3 d5 9. exd5 Bxd5 10. Bxd5 Nxd5 11. Qd2 Re8 12. Nf3 e4 13. Ng5 exd3+ 14. Kd1 Re2 15. Qxd3 Rxf2 16. Qxh7+ Kf8 17. Nc3 Ne3+ 18. Ke1 Nxg2# 0-1